| 000 | 01210cam a2200397 i 4500 | ||
|---|---|---|---|
| 999 |
_c63916 _d63916 |
||
| 001 | 768714001 | ||
| 003 | CO-MdFUSB | ||
| 005 | 20180622165840.0 | ||
| 008 | 100326s2009 sp | |||| 000 0 spa | ||
| 017 |
_aSA 968-2009 _bOficina Depósito Legal Cantabria |
||
| 020 | _a9788429318418 | ||
| 040 |
_aSpMaBN _bspa _cCO-MdFUSB _erdc _dCO-MdFUSBC |
||
| 041 | 1 |
_aspa _heng |
|
| 080 | _a28:008 | ||
| 082 |
_224 _aG 261.0973 _b C952 |
||
| 100 | 1 |
_aCrouch, Andy _eautor |
|
| 240 | 1 | 0 | _aCulture making |
| 245 | 1 | 0 |
_aCrear cultura _b: recuperar nuestra vocación creativa _c/ Andy Crouch ; traducido por Milagros Amado Mier |
| 260 | _c2010 | ||
| 264 | 1 |
_aMaliaño, Cantabria : _bSal Terrae, _c[2010] |
|
| 264 | 4 | _c2010 | |
| 300 |
_a317 p. _c: 22 cm _b: |
||
| 336 |
_2rdacontent _a1 _ba1 |
||
| 337 |
_2rdamedia _a2 _b5 |
||
| 338 |
_2rdacarrier _a2 _b5 |
||
| 490 | 0 | _aPresencia social | |
| 505 | _aCultura -- Evangelio -- Vocación | ||
| 534 |
_cCulture making _pTítulo del original en inglés: |
||
| 563 | _arústico | ||
| 650 | 7 |
_aCristianismo y cultura _2embne |
|
| 720 |
_aMier, Milagros Amado _etraductor |
||
| 942 | _cBK | ||
| 956 | _a2 | ||